000 00474nam a2200145Ia 4500
003 GCL
008 140319s9999 xx 000 0 ara d
040 _aGCL /
_cGCL
082 0 4 _a251.12
_bم ر
100 1 _aمبارك بن محمد الميلى
245 1 0 _aرسالة الشرك ومظاهره /
_cمبارك بن محمد الميلى
260 _a[S.N] :
_bمكتبة الايمان للطبع والنشر والتوزيع ،
_c1989
300 _a320 ص
490 _a
999 _c52985
_d52985